00442 a2200121 450000100060000008200140000610000190002024501730003926000420021230000110025450000080026574000470027388950 a372.4 CAL aCalder, Hunter aEnglish : learning the alphabet; reading with sounds(1); reading with sound(2); reading for comprehensioncHunter CaldernBooks 3bExcel early skills 4.5 - 5.5 (Book 3) aOxfordbOxford University Pressc2009 a195 p. aDOS abasic english levelhprimary english level